[Event "ICS unrated standard match"]
[Site "204.178.125.65"]
[Date "2000.07.27"]
[Round "?"]
[White "Yobes"]
[Black "Hossa"]
[Result "0-1"]
[WhiteElo "1400"]
[BlackElo "2199"]
[PlyCount "126"]
[EventDate "2000.??.??"]

1. e4 e6 2. d3 Nc6 3. g3 d5 4. Nd2 Nf6 5. Bg2 Be7 6. Ngf3 dxe4 7. dxe4 e5 8.
O-O O-O 9. h3 Be6 10. Qe2 Qc8 11. Kh2 Rd8 12. Nc4 Nd4 13. Nxd4 Bxc4 14. Qxc4
Rxd4 15. Qe2 Qe6 16. Be3 Rdd8 17. c4 Rd7 18. Rfd1 Rad8 19. b3 a5 20. Bf3 a4 21.
g4 Qc6 22. Bd2 Rd3 23. g5 Rxf3 24. Qxf3 Nxe4 25. Be3 Rf8 26. Rg1 axb3 27. axb3
Rd8 28. Rg4 Nf6 29. Rg3 Ne4 30. Rg4 Nf6 31. Rg3 Ne4 32. Rgg1 Bb4 33. Rgd1 Re8
34. Rd3 Qg6 35. Rd7 Bd6 36. c5 Nxc5 37. Bxc5 e4+ 38. Rxd6 cxd6 39. Qe3 dxc5 40.
Qxc5 Qe6 41. b4 b6 42. Qd4 Qf5 43. Rg1 e3 44. fxe3 Qf2+ 45. Rg2 Qxe3 46. Qxe3
Rxe3 47. Rc2 h6 48. gxh6 gxh6 49. Rc6 Re6 50. Rc4 Rg6 51. h4 h5 52. Kh3 Rd6 53.
Kg3 Kg7 54. Kf4 Rd2 55. Ke5 f6+ 56. Kf5 Rd5+ 57. Ke6 Re5+ 58. Kd6 Kg6 59. Kc6
Re6+ 60. Kb5 f5 61. Ka6 Rf6 62. Rf4 Kf7 63. b5 Ke6 {Yobes resigns} 0-1

[Event "ICS rated blitz match"]
[Site "204.178.125.65"]
[Date "2000.07.27"]
[Round "?"]
[White "Hossa"]
[Black "Tinker"]
[Result "1-0"]
[WhiteElo "2529"]
[BlackElo "2583"]
[PlyCount "145"]
[EventDate "2000.??.??"]

1. d4 d5 2. c4 e6 3. Nc3 Nf6 4. cxd5 exd5 5. Bg5 Be7 6. e3 O-O 7. Bd3 h6 8. Bf4
Be6 9. Nge2 Nc6 10. a3 Nh5 11. O-O f5 12. Qb3 Rb8 13. Nb5 Rc8 14. Nxa7 Nxa7 15.
Qxb7 Ra8 16. Bxc7 Qd7 17. Ba6 Nc6 18. Rfc1 Na5 19. Bxa5 Qxb7 20. Bxb7 Rxa5 21.
b4 Rb5 22. Bc6 Rb6 23. Rc3 Rd8 24. f3 Bh4 25. g3 Bg5 26. b5 Be7 27. a4 Bb4 28.
Rc2 Ba5 29. Nc1 Nf6 30. Nb3 Bb4 31. a5 Rxc6 32. bxc6 Ra8 33. c7 Bc8 34. Nc1 Nd7
35. a6 Bd6 36. a7 Kf8 37. Rc6 Ke7 38. Nd3 Nf6 39. e4 dxe4 40. fxe4 fxe4 41. Nc5
e3 42. Ra5 Nd5 43. Na6 Kd7 44. Nb8+ Ke6 45. Kf1 g5 46. g4 e2+ 47. Kxe2 Nf4+ 48.
Kf2 Ke7 49. Ra1 Nd3+ 50. Kf3 Bxh2 51. Rc3 Nb4 52. Kg2 Bf4 53. Ra5 Ke6 54. Kf3
Kd6 55. Rc4 Nd3 56. Rc6+ Ke7 57. Ra4 Ne1+ 58. Ke2 Ng2 59. d5 Kf7 60. Kf3 Ne3
61. d6 Nxg4 62. Ke2 Ne5 63. Rb6 Bg4+ 64. Kf2 h5 65. Rxf4+ gxf4 66. d7 Nd3+ 67.
Kf1 Bh3+ 68. Ke2 Nc1+ 69. Kd2 Bxd7 70. Nxd7 Rg8 71. Nb8 Nb3+ 72. Rxb3 Rg2+ 73.
Kd3 {Tinker resigns} 1-0

[Event "ICS rated blitz match"]
[Site "204.178.125.65"]
[Date "2000.07.27"]
[Round "?"]
[White "Tinker"]
[Black "Hossa"]
[Result "1/2-1/2"]
[WhiteElo "2565"]
[BlackElo "2547"]
[PlyCount "190"]
[EventDate "2000.??.??"]

1. e4 e6 2. d4 d5 3. Nc3 Nf6 4. e5 Nfd7 5. Nf3 Be7 6. Bb5 a6 7. Be2 c5 8. O-O
b6 9. Be3 Nc6 10. Qd2 cxd4 11. Bxd4 Bb7 12. Qe3 Nxd4 13. Qxd4 O-O 14. Bd3 Qc7
15. b4 Rac8 16. Ne2 f6 17. Qh4 g6 18. Ned4 fxe5 19. Qxe7 Rfe8 20. Qh4 exd4 21.
b5 Nc5 22. bxa6 Bxa6 23. Bxa6 Nxa6 24. Qxd4 Qc5 25. Qf6 Qf8 26. Qb2 Qb4 27.
Rfb1 Qxb2 28. Rxb2 b5 29. Ne5 Re7 30. f3 Rec7 31. a4 bxa4 32. Rxa4 Nc5 33. Raa2
Nd7 34. Nxd7 Rxd7 35. f4 Rf8 36. g3 Rc7 37. Kg2 h5 38. Ra6 Rfc8 39. Rxe6 Rxc2+
40. Rxc2 Rxc2+ 41. Kf3 Kf7 42. Re5 Rd2 43. Ke3 Rd1 44. Ke2 Rh1 45. Rxd5 Rxh2+
46. Kf3 Rc2 47. Rd7+ Ke6 48. Rd3 Kf7 49. Ke4 Rc4+ 50. Ke5 Rc7 51. Ra3 Kg7 52.
Kd6 Rc2 53. Re3 Rd2+ 54. Ke5 Rd1 55. Rc3 Re1+ 56. Kd4 Re2 57. Rc5 Rg2 58. Rc7+
Kf6 59. Rc3 Kf5 60. Rc5+ Kf6 61. Rg5 Rd2+ 62. Ke4 Ra2 63. Rd5 Ra4+ 64. Kf3 Ra3+
65. Kf2 Ke6 66. Re5+ Kf6 67. Re4 Ra1 68. Kg2 Kf7 69. Re5 Rd1 70. Kf3 Rc1 71.
Re3 Rf1+ 72. Ke4 Rb1 73. Ke5 Rd1 74. Ra3 Rd7 75. Ke4 Rb7 76. Kd4 Kg7 77. Rc3
Rd7+ 78. Ke4 Re7+ 79. Kd5 Ra7 80. Ke6 Ra6+ 81. Ke5 Ra5+ 82. Ke6 Ra7 83. Rd3 Rf7
84. Ke5 Re7+ 85. Kd6 Re2 86. Rc3 Kf7 87. Kd5 Kg7 88. Rb3 Rd2+ 89. Ke4 Re2+ 90.
Kd3 Re7 91. Ra3 Rd7+ 92. Ke4 Re7+ 93. Kd4 Rd7+ 94. Ke4 Re7+ 95. Kd4 Rd7+
1/2-1/2

[Event "ICS rated blitz match"]
[Site "204.178.125.65"]
[Date "2000.07.27"]
[Round "?"]
[White "Hossa"]
[Black "MissSilicon"]
[Result "0-1"]
[WhiteElo "2548"]
[BlackElo "2768"]
[PlyCount "90"]
[EventDate "2000.??.??"]

1. e4 e5 2. Nc3 Nf6 3. Nf3 Nc6 4. d4 exd4 5. Nxd4 Bb4 6. Nxc6 bxc6 7. Bg5 h6 8.
Bd2 O-O 9. Bd3 d5 10. exd5 Re8+ 11. Ne2 Bxd2+ 12. Qxd2 cxd5 13. O-O c5 14. c3
Rb8 15. Rfe1 Bg4 16. Nf4 Qd6 17. b3 d4 18. cxd4 cxd4 19. Rac1 Rxe1+ 20. Rxe1
Rc8 21. b4 Rc3 22. f3 Be6 23. Nxe6 fxe6 24. Bg6 e5 25. Qe2 d3 26. Qd2 Qxb4 27.
Kf1 Qd4 28. Re3 e4 29. Qb2 Qc5 30. Qb8+ Qc8 31. Qb2 Nd5 32. Re1 Qa6 33. Kg1
Qxg6 34. fxe4 Rc2 35. Qb8+ Kh7 36. Qg3 Qxg3 37. hxg3 d2 38. Rd1 Rc1 39. Kf2
Rxd1 40. exd5 Rh1 41. Ke3 d1=Q 42. Ke4 Re1+ 43. Kf5 Qh5+ 44. Kf4 Qg5+ 45. Kf3
Qf5# {Hossa checkmated} 0-1

[Event "ICS rated standard match"]
[Site "204.178.125.65"]
[Date "2000.07.27"]
[Round "?"]
[White "IgorM"]
[Black "Hossa"]
[Result "0-1"]
[WhiteElo "2024"]
[BlackElo "2199"]
[PlyCount "26"]
[EventDate "2000.??.??"]

1. e4 e5 2. Nf3 Nc6 3. Nc3 Nf6 4. d4 exd4 5. Nxd4 Bc5 6. Nxc6 dxc6 7. Bc4 Qxd1+
8. Kxd1 Ng4 9. Ke2 b5 10. Bd3 Nxf2 11. Re1 b4 12. Nd1 Bg4+ 13. Kd2 Bxd1 0-1

[Event "ICS rated blitz match"]
[Site "204.178.125.65"]
[Date "2000.07.27"]
[Round "?"]
[White "Hossa"]
[Black "Kurios"]
[Result "0-1"]
[WhiteElo "2541"]
[BlackElo "2638"]
[PlyCount "88"]
[EventDate "2000.??.??"]

1. e4 c5 2. Nf3 d6 3. Bc4 Nf6 4. d3 e6 5. Nc3 a6 6. Bb3 Nc6 7. O-O Be7 8. a3
O-O 9. Bf4 b5 10. Qd2 Nh5 11. Be3 f5 12. Nd5 fxe4 13. dxe4 c4 14. Nb6 Rb8 15.
Nxc8 Qxc8 16. Ba2 Nf6 17. e5 dxe5 18. Ng5 Nd5 19. Ne4 Qe8 20. Rad1 Rd8 21. Qe1
Qg6 22. f3 Nxe3 23. Qxe3 Rxd1 24. Rxd1 Nd4 25. Kh1 Nxc2 26. Qa7 Bh4 27. Qxa6
Ne1 28. Rxe1 Bxe1 29. Qb7 Qh6 30. Qb6 Qc1 31. Qg1 Rd8 32. b3 Rd1 33. g3 Bd2 34.
Qxd1 Qxd1+ 35. Kg2 Qe2+ 36. Kh3 c3 37. Bb1 Qf1+ 38. Kh4 Qxb1 39. Nxc3 Bg5+ 40.
Kxg5 Qf5+ 41. Kh4 g5+ 42. Kh5 Qh3+ 43. Kxg5 Kf7 44. Nxb5 h6# {Hossa checkmated}
0-1

[Event "ICS rated blitz match"]
[Site "204.178.125.65"]
[Date "2000.07.27"]
[Round "?"]
[White "MissSilicon"]
[Black "Hossa"]
[Result "1-0"]
[WhiteElo "2775"]
[BlackElo "2529"]
[PlyCount "71"]
[EventDate "2000.??.??"]

1. e4 e5 2. Nf3 Nc6 3. Bb5 a6 4. Ba4 Nf6 5. O-O Be7 6. Re1 b5 7. Bb3 d6 8. c3
O-O 9. h3 Na5 10. Bc2 c5 11. d4 Qc7 12. Nbd2 cxd4 13. cxd4 Nc6 14. Nb3 Nb4 15.
Bd2 Nxc2 16. Rc1 Bb7 17. Rxc2 Qd7 18. dxe5 Nxe4 19. Bf4 Rfd8 20. Na5 b4 21. Qd4
g5 22. Bh2 d5 23. e6 Qa4 24. Rc7 Bf6 25. exf7+ Kg7 26. Be5 Rd7 27. Bxf6+ Nxf6
28. Re6 Qd1+ 29. Qxd1 Rxc7 30. Nxg5 h6 31. Qd4 Kf8 32. Qxf6 hxg5 33. Qh8+ Kxf7
34. Rf6+ Ke7 35. Qg7+ Ke8 36. Rf8# {Hossa checkmated} 1-0

[Event "ICS rated standard match"]
[Site "204.178.125.65"]
[Date "2000.07.27"]
[Round "?"]
[White "Hossa"]
[Black "expert101"]
[Result "1-0"]
[WhiteElo "2201"]
[BlackElo "2107"]
[PlyCount "69"]
[EventDate "2000.??.??"]

1. e4 e6 2. d4 d5 3. Nc3 Bb4 4. e5 Ne7 5. Bd2 c5 6. Nb5 Bxd2+ 7. Qxd2 cxd4 8.
Nd6+ Kf8 9. Qf4 Nf5 10. Nxf5 exf5 11. Qxd4 Nc6 12. Qc5+ Qe7 13. Qxe7+ Kxe7 14.
f4 Be6 15. Nf3 Rac8 16. Kd2 Rhd8 17. Ng5 h6 18. Nf3 d4 19. a3 Bd5 20. Rg1 Be4
21. Bd3 Rc7 22. Rgf1 Na5 23. Rf2 Nc4+ 24. Bxc4 Rxc4 25. Ne1 Rdc8 26. Kd1 Ke6
27. Rd2 g5 28. g3 gxf4 29. gxf4 Rg8 30. b3 Rc3 31. Rxd4 Rg1 32. Kd2 Rh3 33. Rd1
Rxh2+ 34. Kc3 Rhh1 35. Rd7 {expert101 resigns} 1-0

[Event "ICS rated standard match"]
[Site "204.178.125.65"]
[Date "2000.07.27"]
[Round "?"]
[White "expert101"]
[Black "Hossa"]
[Result "1-0"]
[WhiteElo "2095"]
[BlackElo "2213"]
[PlyCount "109"]
[EventDate "2000.??.??"]

1. e4 e5 2. Nf3 Nc6 3. Bb5 a6 4. Bxc6 dxc6 5. d4 Bg4 6. dxe5 Qxd1+ 7. Kxd1 Ne7
8. Bf4 Ng6 9. Bg3 Bc5 10. Nbd2 O-O-O 11. Ke2 Bd4 12. c3 Bxe5 13. Bxe5 Nxe5 14.
h3 Bxf3+ 15. Nxf3 Nxf3 16. gxf3 Rd6 17. Rad1 Rhd8 18. f4 g6 19. e5 Rd5 20. b3
Rxd1 21. Rxd1 Rxd1 22. Kxd1 Kd7 23. Ke2 Ke6 24. Ke3 Kf5 25. Kf3 h6 26. Ke3 g5
27. fxg5 hxg5 28. Kd4 Kf4 29. b4 b6 30. c4 Kf3 31. a4 Kf4 32. b5 axb5 33. axb5
Kf3 34. bxc6 Kf4 35. Kd5 Kf5 36. f3 Kg6 37. Ke4 f5+ 38. exf6 Kxf6 39. f4 gxf4
40. Kxf4 Ke6 41. h4 Kd6 42. h5 Kxc6 43. h6 Kd7 44. h7 Kc6 45. h8=Q Kb7 46. Ke4
b5 47. cxb5 c6 48. bxc6+ Kxc6 49. Kd4 Kd6 50. Qf6+ Kd7 51. Kd5 Kc7 52. Qc6+ Kd8
53. Qb7 Ke8 54. Ke6 Kf8 55. Qf7# {Hossa checkmated} 1-0

[Event "ICS rated standard match"]
[Site "204.178.125.65"]
[Date "2000.07.27"]
[Round "?"]
[White "Hossa"]
[Black "expert101"]
[Result "1/2-1/2"]
[WhiteElo "2192"]
[BlackElo "2128"]
[PlyCount "87"]
[EventDate "2000.??.??"]

1. e4 e6 2. d4 d5 3. Nc3 Bb4 4. e5 Ne7 5. Bd2 O-O 6. a3 Bxc3 7. bxc3 c5 8. Qh5
Nbc6 9. Nf3 f6 10. exf6 Rxf6 11. Bd3 g6 12. Qh3 c4 13. Ng5 h5 14. Bxg6 Nxg6 15.
Qxh5 Qe7 16. O-O Bd7 17. Rfe1 Nf8 18. Bc1 Be8 19. Qg4 Qg7 20. Rb1 b6 21. Bf4
Rg6 22. h4 Bd7 23. Be5 Nxe5 24. dxe5 Nh7 25. f4 Rf8 26. h5 Rxg5 27. fxg5 Qxg5
28. Qd4 Qxh5 29. Re3 Ng5 30. Rg3 Kh7 31. Ra1 Be8 32. a4 Bg6 33. a5 bxa5 34.
Qxa7+ Rf7 35. Qe3 Rf5 36. Re1 Qh4 37. Ra1 Kg7 38. Rxa5 Ne4 39. Ra7+ Rf7 40.
Rxf7+ Kxf7 41. Qa7+ Kf8 42. Qb8+ Kf7 43. Qa7+ Kf8 44. Qb8+ 1/2-1/2

[Event "ICS rated standard match"]
[Site "204.178.125.65"]
[Date "2000.07.27"]
[Round "?"]
[White "spaminacan"]
[Black "Hossa"]
[Result "1/2-1/2"]
[WhiteElo "2449"]
[BlackElo "2189"]
[PlyCount "116"]
[EventDate "2000.??.??"]

1. c4 e5 2. Nc3 Nf6 3. Nf3 Nc6 4. g3 Bb4 5. Nd5 e4 6. Nh4 Bc5 7. Bg2 d6 8. O-O
Be6 9. d3 Nxd5 10. cxd5 Bxd5 11. dxe4 Be6 12. Bd2 O-O 13. Bc3 Qd7 14. e3 a6 15.
Kh1 Rfe8 16. a3 Bc4 17. Re1 Ne5 18. Nf5 f6 19. b3 Be6 20. f4 Ng6 21. Nxg7 Qxg7
22. f5 Bc8 23. fxg6 hxg6 24. Rf1 Rf8 25. Qf3 Qf7 26. Bxf6 Qxb3 27. e5 Qd3 28.
Qd5+ Qxd5 29. Bxd5+ Kh7 30. Be7 Rf5 31. e4 Rxe5 32. Rf7+ Kh6 33. Bf6 Be6 34.
Bxe5 Bxf7 35. Bf4+ Kg7 36. Bxb7 Re8 37. a4 Be6 38. Bxa6 Bg4 39. h4 Rxe4 40. a5
Bf3+ 41. Kh2 Rb4 42. Bf1 Rb3 43. a6 Bd4 44. Rc1 Bb6 45. Re1 Rb2+ 46. Kh3 Rf2
47. Bc4 d5 48. Bd3 Kf7 49. Be3 Bxe3 50. Rxe3 Bg2+ 51. Kg4 Kf6 52. Re8 Bf3+ 53.
Kh3 Bg2+ 54. Kg4 Bf3+ 55. Kh3 Bg2+ 56. Kg4 Bf3+ 57. Kh3 Bg2+ 58. Kg4 Bf3+
1/2-1/2

[Event "ICS rated standard match"]
[Site "204.178.125.65"]
[Date "2000.07.27"]
[Round "?"]
[White "Hossa"]
[Black "Athlon900"]
[Result "0-1"]
[WhiteElo "2190"]
[BlackElo "2517"]
[PlyCount "120"]
[EventDate "2000.??.??"]

1. e4 d5 2. e5 c5 3. c3 Nc6 4. d4 cxd4 5. cxd4 Bf5 6. Nf3 e6 7. Nc3 Bb4 8. a3
Bxc3+ 9. bxc3 Nge7 10. Be2 O-O 11. Nh4 Qc7 12. Nxf5 Nxf5 13. g4 Nh4 14. O-O Na5
15. a4 Qxc3 16. Ra3 Qc7 17. f4 Nc6 18. Rh3 Ng6 19. Ba3 Rfc8 20. Qd2 Qb6 21. Bc5
Qa5 22. Qxa5 Nxa5 23. Bb4 Nc6 24. Bc3 Rc7 25. f5 Nf8 26. Kg2 Rac8 27. Rb1 exf5
28. gxf5 Ne7 29. Bb2 Nxf5 30. Bd3 Ne7 31. Ba3 Neg6 32. Kf1 Nf4 33. Rf3 Nxd3 34.
Rxd3 Ne6 35. a5 h5 36. Kg1 Rc3 37. Rxc3 Rxc3 38. Bd6 Nxd4 39. Rxb7 Rc2 40. h3
Nc6 41. Rd7 d4 42. a6 g5 43. Bb8 Nxb8 44. Rd8+ Kh7 45. Rxb8 d3 46. Rd8 d2 47.
Kf1 g4 48. hxg4 hxg4 49. e6 fxe6 50. Ke2 g3 51. Rd7+ Kh6 52. Rd3 g2 53. Rg3 Ra2
54. Kd1 Rxa6 55. Rg4 e5 56. Rxg2 Ra1+ 57. Ke2 d1=Q+ 58. Ke3 Qd4+ 59. Kf3 Qd3+
60. Kf2 Rf1# {Hossa checkmated} 0-1

[Event "ICS rated standard match"]
[Site "204.178.125.65"]
[Date "2000.07.27"]
[Round "?"]
[White "Hossa"]
[Black "stevesand"]
[Result "1-0"]
[WhiteElo "2189"]
[BlackElo "2085"]
[PlyCount "51"]
[EventDate "2000.??.??"]

1. d4 Nf6 2. c4 g6 3. Nc3 d5 4. Bg5 Ne4 5. Nxe4 dxe4 6. e3 Bg7 7. Qa4+ c6 8.
O-O-O O-O 9. Ne2 Qc7 10. Qc2 f5 11. c5 Be6 12. g4 b5 13. gxf5 gxf5 14. Rg1 Kh8
15. Kb1 Nd7 16. Bxe7 Rf7 17. Bd6 Qb7 18. Nf4 Re8 19. d5 Bxd5 20. Nxd5 cxd5 21.
c6 Qa6 22. cxd7 Rxd7 23. Ba3 Rc8 24. Bxb5 Qb7 25. Qe2 Rdc7 26. Ba6 {
stevesand resigns} 1-0

[Event "ICS Rated standard match"]
[Site "204.178.125.65"]
[Date "2000.07.27"]
[Round "?"]
[White "SimenAgdes"]
[Black "Hossa"]
[Result "0-1"]
[WhiteElo "1927"]
[BlackElo "2200"]
[PlyCount "80"]
[EventDate "2000.??.??"]

1. Nf3 d5 2. c4 dxc4 3. Na3 Be6 4. Qa4+ Bd7 5. Qxc4 Nc6 6. d4 e6 7. e4 Nf6 8.
Bd3 Bb4+ 9. Bd2 Bxd2+ 10. Nxd2 O-O 11. O-O Qe7 12. Rae1 e5 13. d5 Nb4 14. Bb1
c6 15. dxc6 Nxc6 16. Nb5 Be6 17. Qa4 Rfd8 18. Nb3 a6 19. Nc3 b5 20. Nxb5 axb5
21. Qxb5 Qb4 22. Qxb4 Nxb4 23. Nc1 Rd2 24. a3 Rxb2 25. axb4 Rxb1 26. Nd3 Rb3
27. Nxe5 Rxb4 28. f3 Rb2 29. Rf2 Rxf2 30. Kxf2 g5 31. h3 Kf8 32. Rc1 Ra5 33.
Ng4 Ra2+ 34. Kg1 Nh5 35. Rc5 Nf4 36. Ne3 Re2 37. Nf5 Rxg2+ 38. Kf1 Rb2 39. h4
Rb1+ 40. Kf2 Nd3+ {SimenAgdes resigns} 0-1

[Event "ICS rated blitz match"]
[Site "204.178.125.65"]
[Date "2000.07.27"]
[Round "?"]
[White "PostModernist"]
[Black "Hossa"]
[Result "1-0"]
[WhiteElo "2729"]
[BlackElo "2523"]
[PlyCount "113"]
[EventDate "2000.??.??"]

1. d4 d5 2. Nf3 Nf6 3. e3 Bf5 4. Bd3 Bxd3 5. Qxd3 Nbd7 6. Bd2 e6 7. Nc3 c6 8.
O-O-O b5 9. h3 Be7 10. Ne5 Nxe5 11. dxe5 Nd7 12. f4 b4 13. Ne2 Nc5 14. Qd4 Ne4
15. Bxb4 c5 16. Qxe4 dxe4 17. Rxd8+ Rxd8 18. Ba5 Rd7 19. Nc3 c4 20. Nxe4 Rd5
21. Bc3 O-O 22. Nd6 Bxd6 23. exd6 Rd8 24. Bb4 Rb5 25. Ba3 g5 26. g4 gxf4 27.
exf4 e5 28. fxe5 Rxe5 29. Rd1 f6 30. Bb4 Rb5 31. Bc3 Kf7 32. a4 Rb7 33. Ba5
Rdd7 34. Rd4 Kg7 35. Bc7 Rbxc7 36. dxc7 Rxc7 37. Kd2 Kg6 38. Kc3 Kg5 39. Rxc4
Rd7 40. Re4 f5 41. Re5 Rc7+ 42. Kd3 Rf7 43. Rxf5+ Rxf5 44. gxf5 Kxf5 45. Kd4
Ke6 46. b4 h5 47. Kc5 Kd7 48. b5 Kc7 49. a5 Kb7 50. b6 a6 51. Kd6 Kb8 52. Kd7
h4 53. c4 Kb7 54. c5 Kb8 55. c6 Ka8 56. c7 Kb7 57. c8=Q# {Hossa checkmated} 1-0

[Event "ICS rated standard match"]
[Site "204.178.125.65"]
[Date "2000.07.27"]
[Round "?"]
[White "Hossa"]
[Black "chesscuban"]
[Result "1-0"]
[WhiteElo "2206"]
[BlackElo "2025"]
[PlyCount "45"]
[EventDate "2000.??.??"]

1. d4 Nf6 2. c4 c5 3. d5 e5 4. Nc3 d6 5. e4 Be7 6. h3 Nbd7 7. Nf3 a6 8. Be2 O-O
9. O-O Ne8 10. Qc2 g6 11. Bh6 Ng7 12. Bd3 Nf6 13. Qd2 Nfh5 14. Bc2 f5 15. exf5
gxf5 16. Bd1 f4 17. Bc2 Rf7 18. Qe2 Bf5 19. Bxf5 Rxf5 20. Ne4 Nf6 21. Bxg7 Kxg7
22. Neg5 Kh8 23. Nf7+ {chesscuban resigns} 1-0

[Event "ICS rated standard match"]
[Site "204.178.125.65"]
[Date "2000.07.27"]
[Round "?"]
[White "firstbjb"]
[Black "Hossa"]
[Result "1-0"]
[WhiteElo "1951"]
[BlackElo "2211"]
[PlyCount "79"]
[EventDate "2000.??.??"]

1. e4 d5 2. exd5 Qxd5 3. d4 e5 4. dxe5 Qxe5+ 5. Be2 Bg4 6. Nc3 Bb4 7. Kf1 Bxc3
8. Bxg4 Bxb2 9. f4 Qf6 10. Bxb2 Qxb2 11. Bc8 a5 12. Rb1 Qf6 13. Bxb7 Qxf4+ 14.
Nf3 Ra7 15. Qd5 Qd6 16. Qb5+ Kf8 17. Kf2 Nd7 18. Bc6 Qc5+ 19. Qxc5+ Nxc5 20.
Rb8+ Ke7 21. Re1+ Kf6 22. Ne5 Ne6 23. Ng4+ Kg6 24. Be8 c6 25. Rxe6+ Kf5 26.
Rxc6 Kxg4 27. h3+ Kh5 28. Rb5+ g5 29. Rxa5 Re7 30. Re5 Ra7 31. Rf5 Kh4 32. g3+
Kxh3 33. Rxg5 h5 34. Rc4 h4 35. Rgg4 hxg3+ 36. Rxg3+ Kh2 37. Rg2+ Kh3 38. Rc3+
Kh4 39. Rcg3 Nf6 40. Rh2# {Hossa checkmated} 1-0

[Event "ICS rated blitz match"]
[Site "204.178.125.65"]
[Date "2000.07.27"]
[Round "?"]
[White "Hossa"]
[Black "Tinker"]
[Result "0-1"]
[WhiteElo "2516"]
[BlackElo "2549"]
[PlyCount "104"]
[EventDate "2000.??.??"]

1. d4 d5 2. Nf3 Nc6 3. c4 Bf5 4. cxd5 Qxd5 5. Nc3 Qa5 6. Bd2 e6 7. e4 Bg6 8. a3
Qh5 9. g4 Qxg4 10. Rg1 Qxg1 11. Nxg1 O-O-O 12. d5 exd5 13. exd5 Ne5 14. Be3 a6
15. f4 Nd7 16. b4 Re8 17. Kf2 Nh6 18. Bd2 Nf6 19. Nf3 Bd6 20. Kg1 Nhg4 21. Rc1
h5 22. Qb3 Kb8 23. Qc4 Ne3 24. Bxe3 Rxe3 25. Nh4 Bh7 26. Ng2 Rf3 27. Be2 Rh3
28. Re1 Rc8 29. Rd1 g5 30. Qd4 Ng4 31. Bxg4 hxg4 32. Rc1 f5 33. Nb1 g3 34. hxg3
Rxg3 35. fxg5 f4 36. Kf2 Rf8 37. Qg7 Be4 38. Nh4 Re8 39. Qd7 Rh8 40. Nc3 Bd3
41. Nf3 Rhh3 42. Ke1 Rxf3 43. Qd8+ Ka7 44. Ne4 Re3+ 45. Kd1 Rh1+ 46. Kd2 Rh2+
47. Kd1 Bxe4 48. Qa8+ Kxa8 49. Rc2 Bxc2+ 50. Kc1 Re1+ 51. Kb2 Be5+ 52. Ka2 Ba4#
{Hossa checkmated} 0-1

[Event "ICS rated standard match"]
[Site "204.178.125.65"]
[Date "2000.07.27"]
[Round "?"]
[White "subgud"]
[Black "Hossa"]
[Result "0-1"]
[WhiteElo "1900"]
[BlackElo "2192"]
[PlyCount "40"]
[EventDate "2000.??.??"]

1. Nc3 e6 2. Nf3 d5 3. d4 Nf6 4. g3 c5 5. e3 Nc6 6. Bg2 cxd4 7. Nxd4 e5 8. Nde2
Bf5 9. a3 Ne7 10. O-O Qd7 11. b4 O-O-O 12. Bb2 Bh3 13. a4 Ng6 14. Nb5 Bxg2 15.
Kxg2 a6 16. c4 axb5 17. axb5 Qg4 18. Qc2 Nh4+ 19. Kg1 Nf3+ 20. Kg2 Qe4 0-1

[Event "ICS rated standard match"]
[Site "204.178.125.65"]
[Date "2000.07.27"]
[Round "?"]
[White "Hossa"]
[Black "PostModernist"]
[Result "0-1"]
[WhiteElo "2197"]
[BlackElo "2369"]
[PlyCount "104"]
[EventDate "2000.??.??"]

1. d4 Nf6 2. c4 g6 3. Nc3 d5 4. Bg5 Ne4 5. Nxe4 dxe4 6. e3 c5 7. Ne2 Bg7 8. Qd2
Nc6 9. O-O-O Nb4 10. Kb1 h6 11. Bh4 g5 12. Bg3 Bg4 13. h3 Bh5 14. h4 a5 15. Qc1
cxd4 16. hxg5 hxg5 17. exd4 e3 18. Rxh5 Rxh5 19. fxe3 Qb6 20. e4 O-O-O 21. Qe3
Qf6 22. Bf2 Rhh8 23. Nc3 Qf4 24. Qe2 e6 25. g3 Qc7 26. Nb5 Qd7 27. Qe3 Qe7 28.
d5 Rh2 29. Qa7 exd5 30. Qa8+ Kd7 31. Qxb7+ Ke8 32. Qxe7+ Kxe7 33. Bd4 Bxd4 34.
Nxd4 dxe4 35. a3 Kf6 36. axb4 e3 37. bxa5 Rd2 38. Rxd2 exd2 39. Kc2 Rxd4 40.
Kd1 Rd7 41. a6 Ke5 42. b4 Ke4 43. b5 Ke3 44. b6 Rd6 45. a7 Rxb6 46. Kc2 Rd6 47.
Be2 Kxe2 48. a8=Q d1=Q+ 49. Kc3 Qd2+ 50. Kb3 Rb6+ 51. Ka3 Qb4+ 52. Ka2 Qb2# {
Hossa checkmated} 0-1

[Event "ICS rated blitz match"]
[Site "204.178.125.65"]
[Date "2000.07.27"]
[Round "?"]
[White "Hossa"]
[Black "Dorky"]
[Result "1/2-1/2"]
[WhiteElo "2502"]
[BlackElo "2312"]
[PlyCount "215"]
[EventDate "2000.??.??"]

1. e4 e5 2. Bc4 Nf6 3. d3 Bc5 4. Nc3 c6 5. Nf3 d6 6. a3 Nbd7 7. b4 Bb6 8. O-O
O-O 9. Bb3 Bd4 10. Nxd4 exd4 11. Ne2 Qb6 12. a4 a5 13. bxa5 Rxa5 14. Rb1 Qa7
15. Bd2 Ra6 16. a5 Ne5 17. Qc1 Bg4 18. f3 Bc8 19. Qb2 c5 20. Nf4 Bd7 21. Nd5
Nxd5 22. Bxd5 Bc6 23. Bxc6 Nxc6 24. Qxb7 Qxb7 25. Rxb7 Nxa5 26. Rd7 Nc6 27.
Rxd6 Rb8 28. Rc1 Rb7 29. Rd5 Rb5 30. Bf4 Ra7 31. c4 dxc3 32. Rxc3 Raa5 33. Be3
Rb1+ 34. Bc1 Kf8 35. Rdxc5 Rxc5 36. Rxc5 Nb4 37. Rc3 Na2 38. Rc8+ Ke7 39. Kf2
Rxc1 40. Rg8 Rc2+ 41. Kg3 g6 42. d4 Nc3 43. d5 Ne2+ 44. Kh4 Nf4 45. g4 h6 46.
g5 Ng2+ 47. Kg4 hxg5 48. Kxg5 Ne1 49. Kg4 Rxh2 50. e5 Re2 51. d6+ Kd7 52. f4
Rg2+ 53. Kh3 g5 54. fxg5 Re2 55. g6 fxg6 56. Rxg6 Rxe5 57. Rg7+ Kxd6 58. Rg6+
Kd5 59. Rg4 Re3+ 60. Kh4 Nf3+ 61. Kh3 Ne5+ 62. Rg3 Re1 63. Rc3 Nc4 64. Rd3+ Ke4
65. Rc3 Ne3 66. Rc5 Kf4 67. Kh2 Kg4 68. Rc7 Re2+ 69. Kg1 Kf3 70. Rf7+ Ke4 71.
Re7+ Kf3 72. Rf7+ Kg3 73. Rg7+ Kf4 74. Rf7+ Ke5 75. Kh1 Ke6 76. Rg7 Kd5 77.
Rd7+ Ke6 78. Rg7 Ke5 79. Rf7 Ke4 80. Kg1 Rg2+ 81. Kh1 Ra2 82. Rf8 Re2 83. Rf7
Rc2 84. Rf8 Ng4 85. Kg1 Ra2 86. Re8+ Kd5 87. Rd8+ Kc6 88. Rc8+ Kd5 89. Rd8+ Ke5
90. Re8+ Kd4 91. Rd8+ Ke4 92. Re8+ Ne5 93. Kf1 Rh2 94. Kg1 Rh7 95. Re6 Rb7 96.
Kg2 Ra7 97. Rd6 Ra2+ 98. Kg3 Ra7 99. Kg2 Rg7+ 100. Kf2 Nd3+ 101. Ke2 Nf4+ 102.
Kd2 Ra7 103. Kc3 Nd5+ 104. Kb2 Ke5 105. Rd8 Nf6 106. Kc3 Ra4 107. Kd3 Ra8 108.
Rxa8 1/2-1/2

[Event "ICS rated blitz match"]
[Site "204.178.125.65"]
[Date "2000.07.27"]
[Round "?"]
[White "Dorky"]
[Black "Hossa"]
[Result "0-1"]
[WhiteElo "2320"]
[BlackElo "2494"]
[PlyCount "140"]
[EventDate "2000.??.??"]

1. d4 d5 2. c4 e6 3. Nc3 Nf6 4. Bg5 Bb4 5. Qa4+ Nc6 6. e3 dxc4 7. Bxc4 Bd7 8.
Qb3 Be7 9. Bxf6 Bxf6 10. Bd3 Be7 11. Nf3 Rb8 12. O-O O-O 13. e4 Nb4 14. Rfd1
Qc8 15. Rd2 Nxd3 16. Rxd3 c5 17. dxc5 Bxc5 18. Rad1 Be8 19. Na4 Be7 20. Nc3 Qc7
21. R1d2 Rc8 22. Rd1 a5 23. Nd4 Bb4 24. a3 Bd6 25. Nf3 Be7 26. R1d2 b5 27. Nxb5
Qb7 28. Nbd4 Qxe4 29. Rd1 a4 30. Re3 Qxf3 31. Rxf3 axb3 32. Nxb3 Bf6 33. Rd2
Bb5 34. h4 Rfd8 35. Rxd8+ Rxd8 36. Na5 Bxb2 37. Rb3 Rd1+ 38. Kh2 Be5+ 39. g3
Bd3 40. a4 Be4 41. f3 Rd2+ 42. Kg1 Bd5 43. f4 Rg2+ 44. Kf1 Bxb3 45. Kxg2 Bd5+
46. Kf2 Bc7 47. h5 Bxa5 48. Ke2 Bb3 49. g4 Kf8 50. g5 h6 51. gxh6 gxh6 52. Kf2
Bxa4 53. Ke2 Ke7 54. Kd3 Bd1 55. Ke4 Bd2 56. f5 Bc2+ 57. Kd4 Bxf5 58. Kc4 Kf6
59. Kd4 e5+ 60. Kd5 e4 61. Kc6 e3 62. Kd5 e2 63. Kc6 Kg5 64. Kd5 f6 65. Kc6
Kxh5 66. Kd5 e1=Q 67. Kc6 Qe5 68. Kb6 Be3+ 69. Kb7 Qb5+ 70. Ka8 Be4# {
Dorky checkmated} 0-1

[Event "ICS Rated blitz match"]
[Site "204.178.125.65"]
[Date "2000.07.27"]
[Round "?"]
[White "Tinker"]
[Black "Hossa"]
[Result "1-0"]
[WhiteElo "2575"]
[BlackElo "2503"]
[PlyCount "125"]
[EventDate "2000.??.??"]

1. e4 e5 2. Nc3 Nf6 3. Nf3 Nc6 4. d4 exd4 5. Nxd4 Bb4 6. Nxc6 bxc6 7. Bg5 h6 8.
Bd2 O-O 9. f3 d5 10. Qe2 d4 11. Na4 Be7 12. O-O-O c5 13. g4 a5 14. g5 hxg5 15.
e5 Nh5 16. Qe4 Bd7 17. b3 Bxa4 18. bxa4 Qb8 19. Bc4 Qb6 20. e6 f5 21. Qe2 Rab8
22. Bb3 c6 23. Rdg1 f4 24. Rg4 Rfe8 25. Qd3 c4 26. Qxc4 Nf6 27. Rxg5 Nd5 28.
Rxd5 cxd5 29. Qxd5 Ra8 30. Bxf4 Rf8 31. Be5 Rad8 32. Qb5 Qxb5 33. axb5 Rf5 34.
Bc7 Re8 35. b6 Ba3+ 36. Kd2 Bb4+ 37. Kd3 Rxf3+ 38. Kxd4 Bc3+ 39. Ke4 Rff8 40.
b7 Kh7 41. Ba4 Rxe6+ 42. Kd5 Re7 43. b8=Q Rxb8 44. Bxb8 Rf7 45. Rb1 Rf5+ 46.
Ke4 Rf7 47. Rb3 Re7+ 48. Kd5 Bf6 49. Bb5 g6 50. c4 Kg7 51. c5 g5 52. c6 a4 53.
Bxa4 Re2 54. Rb7+ Kh6 55. c7 Rxa2 56. c8=Q Rxa4 57. Qf8+ Kh5 58. Qe8+ Kh6 59.
Qxa4 Be7 60. Rxe7 Kh5 61. Rh7+ Kg6 62. Qe4+ Kf6 63. Be5# {Hossa checkmated} 1-0